El gabán / Nicolás Gogol

Shranjeno v:
Bibliografske podrobnosti
Glavni avtor: Gogol, Nicolás
Format: Knjiga
Jezik:Undetermined
Izdano: San José, Costa Rica Editorial Costa Rica 1977
Teme:
Oznake: Označite
Brez oznak, prvi označite!

MARC

LEADER 00000nam a2200000Ia 4500
008 170316s9999 xx 000 0 und d
040 |a cru BVZT 
090 |a 891 G-2g 
100 |a Gogol, Nicolás 
245 |a El gabán / Nicolás Gogol 
260 |a San José, Costa Rica 
260 |b Editorial Costa Rica 
260 |c 1977 
300 |a 119 páginas 
650 |a LITERATURA RUSA 
999 |c 15097  |d 15097 
942 |c 15 D  |h 891 G-2g  |2 z